Ralph Gregory's sign painting techniques : beginner to professional /

Saved in:
Bibliographic Details
Main Author: Gregory, Ralph, 1914-
Format: Book
Language:English
Published: Cincinnati : Signs of the Times Pub. Co., [1973].
Edition:1st ed.
Subjects:
LEADER 02328cam a2200385 a 4500
001 c000405050
003 CARM
005 20200403154841.0
008 200403s1973 ohua 001 0 eng
010 |a 73160520 
019 1 |a 546544  |5 LACONCORD2021 
020 |a 0911380299 
035 |a (OCoLC)633316  |5 LACONCORD2021 
040 |a LC  |b eng  |c LC  |d LC  |d NSL 
050 0 |a TT360  |b .G72 
082 0 0 |a 667/.9 
100 1 |a Gregory, Ralph,  |d 1914- 
245 1 0 |a Ralph Gregory's sign painting techniques :  |b beginner to professional /  |c Ralph Gregory ;illus. by the author. 
246 3 |a Sign painting techniques 
250 |a 1st ed. 
260 |a Cincinnati :  |b Signs of the Times Pub. Co.,  |c [1973]. 
300 |a x, 388 pages :  |b illutrations ;  |c 23 cm. 
336 |a text  |b txt  |2 rdacontent 
337 |a unmediated  |b n  |2 rdamedia 
338 |a volume  |b nc  |2 rdacarrier 
500 |a Title on spine: Sign painting techniques. 
505 0 |a To develop salable skill quickly -- Introduction to equipment -- Essentials of practice -- The mechanics of practice -- Introduction to proper spacing -- Practice for general sign painting -- Practice surfaces -- The basics of elementary lay-out -- The thick-and-thin alphabet -- Introduction to script -- Instruction on lettering pens -- Earn while you learn -- The proper approach -- Skill plus common sense -- Advancement requires practice -- Basics of layout -- Preparation of patterns -- Truck door layout -- Working knowledge of layout -- How to cope with obstacles -- Understanding the alphabets -- The side factors of lettering -- The fundamentals of script -- The demands of the trade -- Professional procedures -- The side factors of sign painting -- Advantages of an order blank system -- Miscellaneous -- Pictorials and sign work -- Introduction to plastics -- Artwork for reproduction -- Conclusion. 
650 0 |a Sign painting. 
740 0 |a Sign painting techniques 
852 8 |b CARM  |i C13781  |p 0655710  |f BK 
852 8 |b SCAN  |h A3:AF08G0  |i C13781  |p 0655710  |f BK 
852 8 |b SCAN  |h A3:AF08G0  |i C13781  |p 0655710  |f BK 
999 f f |i 9238740a-2de4-5b0c-8776-d04e983f1e71  |s 13fb6dae-fbb9-5bf7-a933-cde1df9ae8f8 
952 f f |p Can circulate  |a CAVAL  |b CAVAL  |c CAVAL  |d CARM 1 Store  |e C13781  |h Other scheme  |i book  |m 0655710 
952 f f |a CAVAL  |b CAVAL  |c CAVAL  |d Unmapped Location  |e C13781  |f A3:AF08G0  |h Other scheme